TV Picture Puzzles Quiz Stats

 Plays Quiz Updated Dec 26, 2013

Support Sporcle.
Go Orange.
Score 0/16 Timer 10:00
0 Plays Today
% Correct
Firefly
97.2%
SpongeBob SquarePants
96.6%
House
84.9%
M*A*S*H
84.3%
Robot Chicken
79.8%
Dragon Ball Z
76%
Top Gear
65%
Doctor Who
62%
% Correct
Jackass
60%
The West Wing
58.9%
ThunderCats
54.3%
The Brady Bunch
50.5%
Baywatch
43.3%
Monty Python's Flying Circus
30.5%
Magnum, P.I.
30.5%
Starsky and Hutch
27.9%

You're not logged in!

Compare scores with friends on all Sporcle quizzes.
OR
Log In
Forgot?

From the Vault

The Lightning Thief

by bookworm1016

Being the child of a god is more challenging than you'd think, believe me I should know.
Remove Ads.
Support Sporcle.
Get the best of Sporcle when you Go Orange. This ad-free experience offers more features, more stats, and more fun while also helping to support Sporcle. Thank you for becoming a member.

Show Comments

Extras

Top Quizzes Today


Score Distribution

Your Account Isn't Verified!

In order to create a playlist on Sporcle, you need to verify the email address you used during registration. Go to your Sporcle Settings to finish the process.

Report this User

Report this user for behavior that violates our Community Guidelines.

Details: